000 00349nam a2200133Ia 4500
008 230917s9999||||xx |||||||||||||| ||und||
040 _e51833
_aMAIN
041 _aEnglish
082 _aB N315J
245 0 _aJawaharlal Nehru fellowships: 1967- 1978
260 _aNew Delhi
_bJawaharlal Nehru Memorial Fund
_c1979
300 _a230 p.
942 _cBK
999 _c202087
_d202087